| 000 | 00498 a2200145 4500 | ||
|---|---|---|---|
| 005 | 20241212112549.0 | ||
| 008 | 241212b |||||||| |||| 00| 0 eng d | ||
| 020 | _a9789363742802 | ||
| 041 | _aMarathi | ||
| 100 |
_aPatil R. _9181800 |
||
| 245 |
_aतुरुंगरंग _bतुरुंगवास भोगलेल्या एका भूतपूर्व IPS अधिकाऱ्याची डायरी |
||
| 260 |
_bManovikas Prakashan _c2024 |
||
| 300 | _a432 | ||
| 942 | _cBK | ||
| 999 |
_c362262 _d362262 |
||